Statistiques concernant Culture Générale - Série 1991

Cliquez ici pour prendre le quiz!

Statistiques générales

  • Ce quiz a été pris 107 fois
  • Le résultat moyen est 6 sur 10

Statistiques - réponses

QuestionRéponse% Correct
Comment appelle-t-on le petit de la baleine ?baleineau
97%
Dans quelle ville s'est tenue une célèbre conférence diplomatique du 4 au 11 février 1945 ?Yalta
89%
Quel aliment est le cheshire ou chester ?fromage
83%
Quelle mot d'origine italienne désigne le "marché officiel des transferts de joueurs d'un club professionnel à un autre." ?mercato
83%
L'Oural est un fleuve qui coule en Russie et au ...Kazakhstan
56%
Quelle est la capitale du Kirghizistan ? voir drapeauBichkek
50%
Espace boisé ou herbeux où vivent des lapins sauvages.garenne
43%
En droit, comment appelle-t-on la procédure d'urgence pour régler provisoirement un litige ?référé
36%
Quel était le prénom du frère du peintre Vincent Van Gogh - marchand d'art néerlandais (1857-1891) ?Théodorus
27%
Quel nom porte le luth à manche long rencontré en Iran, Irak, dans le Caucase, en Crimée (chez les Tatars), Turquie, Grèce, et dans une partie des Balkans ? - 3 lettressaz
0%

Distribution des résultats

Percentile par nombre de réponses

% des personnes avec chaque résultat

Votre développement - résultats

Vous n’avez pas pris ce quiz